000 00374cam a2200157ua 4500
041 _amal
_h
082 _a894.8122
_bJAB/CH
100 _aJabbar, K A .
245 _aChempaneer pookkal /
_cK A Jabbar.
_hTextual Documents
250 _a1 /
_b.
260 _aThrissur :
_bCurrent Books ,
_c1957.
300 _a91 ; .
504 _a
942 _cBK
999 _c11576
_d11576